00581nam a2200145Ia 4500008004100000024005600041082002200097100005800119245004300177260002500220600002700245650003300272952011300305999001700418250506s9999 xx 000 0 und d a11B-178-EL, 11B-188-El, 11B-189-EL & 11B-192-EL a621.381537072 USM aUsman Khan, Khizer Banoori, Zohaib Ahmed & Fizza Khan 0aBI-Fuel Switching System for Generator aKarachi:bUIT,c2011 aElectronic Engineering aBachelor of Engineering (BE) 001040708PR-EEaUITUbUITUd2022-07-26l0o621.381537072 USMpEE-347r2025-05-06 11:34:16w2025-05-06yPR c28095d28095